000 00725nam a2200205 i 4500
001 128419
003 ES-MaACL
005 20250901212549.0
007 t|
008 070510s1968 sp ||||1| spa d
080 _a338.984.3(461.1)"1961/70":061.1(461.11 C.)
100 1 _aTaboada Arceo, Antonio.
_9109027
245 1 0 _aDesarrollo socio-económico regional /
_cAntonio Taboada Arceo.
260 _aLa Coruña :
_bCámara Oficial de Comercio, Industria y Navegación,
_c1968.
300 _a72 p. ;
_c22 cm.
651 4 _aGalicia-
_xSituación económica.
_98739
710 2 _aCámara Oficial de Comercio, Industria y Navegación de La Coruña
_92395
852 _aES-MaACL
_jC-37123
_bR.66547
999 _c128419
_d128419